Normal view MARC view

Entry Corporate Name

Number of records used in: 1

001 - CONTROL NUMBER

  • control field: 18761

003 - CONTROL NUMBER IDENTIFIER

  • control field: OSt

005 - DATE AND TIME OF LATEST TRANSACTION

  • control field: 20211105134328.0

008 - FIXED-LENGTH DATA ELEMENTS

  • fixed length control field: 211105|| aca||aabn | a|a d

040 ## - CATALOGING SOURCE

  • Original cataloging agency: OSt
  • Transcribing agency: OSt

110 ## - HEADING--CORPORATE NAME

  • Corporate name or jurisdiction name as entry element: Astronomical Observatory of Capodimonte

670 ## - SOURCE DATA FOUND

  • Source citation: Work cat.: (OSt): International Workshop of the Astronomical Observatory of Capodimonte 6th Italy 1991 Sept. 18-21 18759, Stellar jets and bipolar outflows, 1993

Powered by Koha